UBT Library

Watercolor painting step by step / (Record no. 43889)

000 -LEADER
fixed length control field 00704cam a2200253 a 4500
001 - CONTROL NUMBER
control field 13071373
005 - DATE AND TIME OF LATEST TRANSACTION
control field 20180301093045.0
008 - FIXED-LENGTH DATA ELEMENTS--GENERAL INFORMATION
fixed length control field 030128s2002 caua 000 0 eng
010 ## - LIBRARY OF CONGRESS CONTROL NUMBER
LC control number 2003268380
015 ## - NATIONAL BIBLIOGRAPHY NUMBER
National bibliography number GBA2-V0237
020 ## - INTERNATIONAL STANDARD BOOK NUMBER
International Standard Book Number 1560106573
035 ## - SYSTEM CONTROL NUMBER
System control number (OCoLC)ocm50615073
040 ## - CATALOGING SOURCE
Original cataloging agency UKM
Transcribing agency UKM
Modifying agency DLC
041 ## - LANGUAGE CODE
Language code of text/sound track or separate title eng
042 ## - AUTHENTICATION CODE
Authentication code lccopycat
080 ## - UNIVERSAL DECIMAL CLASSIFICATION NUMBER
Universal Decimal Classification number 751.422 FUD
082 04 - DEWEY DECIMAL CLASSIFICATION NUMBER
Classification number 751.422 FUD
Edition number 21
100 ## - Rafti
Rafti 44
101 ## - Shkurtesa
Shkurtesa ART
245 00 - TITLE STATEMENT
Title Watercolor painting step by step /
Statement of responsibility, etc with Barbara Fudurich ... [et al.].
906 ## - LOCAL DATA ELEMENT F, LDF (RLIN)
a 7
b cbc
c copycat
d 3
e ncip
f 20
g y-gencatlg
942 ## - ADDED ENTRY ELEMENTS (KOHA)
Source of classification or shelving scheme
Item type Books
Holdings
Withdrawn status Lost status Source of classification or shelving scheme Damaged status Not for loan Collection code Permanent location Current location Shelving location Date acquired Total Checkouts Full call number Barcode Date last seen Price effective from Koha item type
          Koleksioni i përgjithshem UBT - Lipjan UBT - Lipjan Koleksioni i përgjithshem 03/01/2018   751.422 FUD 002-3000565 03/01/2018 03/01/2018 Books
UBT Library © 2015-2024. All rights reserved University Education for Business and Technology